Mechanical, rheological and morphological properties of recycled expanded polystyrene/styrene butadiene rubber blends (Record no. 62742)

MARC details
000 -LEADER
fixed length control field 00569nam a2200205Ia 4500
100 ## - MAIN ENTRY--AUTHOR NAME
Personal name Ciesielska D
245 #0 - TITLE STATEMENT
Title Mechanical, rheological and morphological properties of recycled expanded polystyrene/styrene butadiene rubber blends
260 ## - PUBLICATION, DISTRIBUTION, ETC. (IMPRINT)
Name of publisher Kautschuk Gummi Kunststoffe
Year of publication 2000
300 ## - PHYSICAL DESCRIPTION
Number of Pages 273-276
650 ## - SUBJECT ADDED ENTRY--TOPICAL TERM
Topical Term Blends
650 ## - SUBJECT ADDED ENTRY--TOPICAL TERM
Topical Term Expanded polystyrene
650 ## - SUBJECT ADDED ENTRY--TOPICAL TERM
Topical Term Polymers
650 ## - SUBJECT ADDED ENTRY--TOPICAL TERM
Topical Term Recycling
650 ## - SUBJECT ADDED ENTRY--TOPICAL TERM
Topical Term Rheology
650 ## - SUBJECT ADDED ENTRY--TOPICAL TERM
Topical Term SBR
700 ## - ADDED ENTRY--PERSONAL NAME
Personal name Charleston
700 ## - ADDED ENTRY--PERSONAL NAME
Personal name Liu P
942 ## - ADDED ENTRY ELEMENTS (KOHA)
Koha item type Journals
Holdings
Withdrawn status Lost status Damaged status Not for loan Home library Current library Shelving location Date acquired Serial Enumeration / chronology Koha item type
      Journals RRII Library RRII Library Rubber chemistry 17/12/2021 Volume 53, Issue 5 Journals